=LDR 00000nam 2200000 4500 =001 000556 =005 20250711123607 =035 ##$$a 0010-0725000424 =007 ta =008 250711################a##########0#ind## =020 ##$$a 978-623-307-170-3 =082 ##$$a 398.209 598 8 =084 ##$$a 398.209 598 8 IRA b =100 #$$a Irawati subrata =245 1#$$a Buah untuk ragaga /$c Irawati subrata =250 ##$$a Cetakan kedua =260 ##$$a Rawamangun :$b Badan pengembangan dan pembinaan bahasa,$c 2022 =300 ##$$a 32 hlm. : $b Ilus. ; $c 29,7cm =650 #4$$a Cerita anak-indonesia =990 ##$$a TBM03170317